LEADER 01127nam0-2200337---450- 001 990009765810403321 005 20130927133846.0 035 $a000976581 035 $aFED01000976581 035 $a(Aleph)000976581FED01 035 $a000976581 100 $a20130927d1995----km-y0itay50------ba 101 0 $aeng 102 $aGB 105 $aacf-bg--001yd 200 1 $a<>exhibition of master drawings$eat our New York Galleries 3rd-26th may, 1995$eat our London Galleries 30th june-11th july$fColnaghi$gpresented by Jean-Luc Baroni$gcatalogue by Stephen Ongpin 210 $aLondon$cP. & D. Colnaghi$dc1995 215 $a[110] p.$cill.$d31 cm 300 $aSenza paginazione 610 0 $aDisegni - Sec. 15.-20. - Cataloghi di vendita 676 $a741.9$v19 702 1$aBaroni,$bJean-Luc 702 1$aOngpin,$bStephen 710 02$aColnaghi P. & D.$c$0324762 801 0$aIT$bUNINA$gRICA$2UNIMARC 901 $aBK 912 $a990009765810403321 952 $a741.9 MOSTRE LONDRA 1995$bBIBL. 59889$fFLFBC 959 $aFLFBC 996 $aExhibition of master drawings$9834929 997 $aUNINA LEADER 01163nam--2200373---450- 001 990003684400203316 005 20120906092510.0 010 $a978-88-665-5117-1 035 $a000368440 035 $aUSA01000368440 035 $a(ALEPH)000368440USA01 035 $a000368440 100 $a20120906d2012----km-y0itay50------ba 101 0 $aita 102 $aIT 105 $a||||||||001yy 200 1 $aConiurationis commentarium$dCommentario della congiura dei Pazzi$fAngelo Poliziano$ga cura di Leandro Perini$gtraduzione di Sara Donegā 210 $aFirenze$cFirenze University Press$d2012 215 $aXXVI, 72 p.$d22 cm 225 2 $aBiblioteca di storia$v15 410 0$12001$aBiblioteca di storia$v15 676 $a870 700 1$aPOLIZIANO,$bAngelo$038262 702 1$aPERINI,$bLeandro 702 1$aDONEGĀ,$bSara 801 0$aIT$bsalbc$gISBD 912 $a990003684400203316 951 $aVI.3.A. 3464$b237026 L.M.$cVI.3.A.$d00312241 959 $aBK 969 $aUMA 979 $aPASSARO$b90$c20120906$lUSA01$h0922 979 $aPASSARO$b90$c20120906$lUSA01$h0925 996 $aConiurationis commentarium$9263545 997 $aUNISA